| 000 | 00511nam a2200193 a 4500 | ||
|---|---|---|---|
| 001 | 1754983873808 | ||
| 003 | ACL | ||
| 005 | 20250812130357.0 | ||
| 008 | 250812s2009##################000#0#eng## | ||
| 020 | _a9783631564301 | ||
| 082 | 0 | 4 |
_a709 _bPOW |
| 100 | 1 |
_aPowers, John S., _eauthor. |
|
| 245 | 1 | 0 | _aTemporary Art and Public Place : |
| 260 |
_bPeter Lang Gmbh, Internationaler Verlag Der Wissenschaften, _c2009. |
||
| 300 | _a408 pages | ||
| 650 | 0 | _aArt. | |
| 942 | _cENGLISH | ||
| 040 |
_aACL _beng _cACL |
||
| 999 |
_c581201 _d581201 |
||